Normal view
MARC view
Entry Personal Name
001 - CONTROL NUMBER
- control field: 63759
003 - CONTROL NUMBER IDENTIFIER
- control field: dpl
005 - DATE AND TIME OF LATEST TRANSACTION
- control field: 20240321120222.0
008 - FIXED-LENGTH DATA ELEMENTS
- fixed length control field: 240321|| aca||aabn | a|a d
040 ## - CATALOGING SOURCE
- Original cataloging agency: dpl
- Transcribing agency: dpl
100 ## - HEADING--PERSONAL NAME
- Personal name: Aggarwal, R.S
670 ## - SOURCE DATA FOUND
- Source citation: Work cat.: (dpl)194288: Aggarwal, R.S., A Modern Approach Non -Verbal Reasoning/, 2023
